000 00581nam a2200229Ia 4500
003 OSt
005 20221006151400.0
006 a|||||r|||| 00| 0
007 ta
008 221006b |||||||| |||| 00| 0 eng d
020 _c25.20
024 _a21,905
037 _cTextual
040 _aEASL
_cEASL
_beng
041 _2eng
_aeng
100 _aBURKI Shahid Javed
245 0 _aStudy of Chinese communes, 1965
260 _aCambridge
_bHarvard University Press
_c1970
300 _a101p.
_ccm.
942 _cTEXL
_2CC
999 _c1089991
_d1089991